<?xml version="1.0" encoding="UTF-8"?>
<collection xmlns="http://www.loc.gov/MARC21/slim">
 <record>
  <leader>02709nam a2200229Ia 4500</leader>
  <controlfield tag="001">CTU_239535</controlfield>
  <controlfield tag="008">210402s9999    xx            000 0 und d</controlfield>
  <datafield tag="082" ind1=" " ind2=" ">
   <subfield code="a">627.12</subfield>
  </datafield>
  <datafield tag="082" ind1=" " ind2=" ">
   <subfield code="b">Tr513</subfield>
  </datafield>
  <datafield tag="088" ind1=" " ind2=" ">
   <subfield code="a">8580202</subfield>
  </datafield>
  <datafield tag="100" ind1=" " ind2=" ">
   <subfield code="a">Đặng, Quốc Trung</subfield>
  </datafield>
  <datafield tag="245" ind1=" " ind2="0">
   <subfield code="a">Đánh giá phân tích các yếu tố thủy văn cho các trường hợp sạt lở đặc trưng tại huyện Châu Thành, Hậu Giang :</subfield>
  </datafield>
  <datafield tag="245" ind1=" " ind2="0">
   <subfield code="b">Luận văn tốt nghiệp Cao học. Chuyên ngành Kỹ thuật xây dựng công trình thủy</subfield>
  </datafield>
  <datafield tag="245" ind1=" " ind2="0">
   <subfield code="c">Đặng Quốc Trung ; Nguyễn Đình Giang Nam (Cán bộ hướng dẫn)</subfield>
  </datafield>
  <datafield tag="260" ind1=" " ind2=" ">
   <subfield code="a">Cần Thơ</subfield>
  </datafield>
  <datafield tag="260" ind1=" " ind2=" ">
   <subfield code="b">Trường Đại học Cần Thơ</subfield>
  </datafield>
  <datafield tag="260" ind1=" " ind2=" ">
   <subfield code="c">2020</subfield>
  </datafield>
  <datafield tag="520" ind1=" " ind2=" ">
   <subfield code="a">Nghiên cứu nhằm đánh giá, phân tích các yếu tố thủy văn cho các trường hợp sạt lở đặc trưng tại huyện Châu Thành, Hậu Giang được đề xuất và chọn nghiên cứu tại các điều kiện thủy văn khác nhau tại vùng nghiên cứu. Cụ thể là phân tích, đánh giá hiện trạng sạt lở trên địa bàn tỉnh Hậu Giang; đánh giá, phân tích các yếu tố thủy văn cho trường hợp biên triều gần sông chính, biên triều cao và biên triều vừa/thấp; Phân tích tương quan các yếu tố thủy văn và tính tần suất cho các trường hợp. Kết quả cho thấy, nhìn chung số điểm sạt lở và thiệt hại ở tỉnh Hậu Giang qua các năm. Có thể thấy rằng tình hình sạt lở trên địa bàn tỉnh ngày càng tăng về số điểm, chiều dài và thiệt hại ngày một nghiêm trọng. Chế độ triều tại vùng nghiên cứu thuộc chế độ triều bán nhật triều không đều. Chênh lệch mực nước giữa các vị trí quan trắc lớn. Chênh lệch mực nước cao nhất tại vị trí Mái Dầm và thấp nhất vị trí Bình Thành. Chênh lệch mực nước lớn giữ vị trí Mái Dầm–Bình Thành, Ngã Sáu–Bình Thành. Với độ chênh lệch mực nước lớn tạo nên dòng thấm lớn nên gây sạt lở cao hơn và ngược lại.</subfield>
  </datafield>
  <datafield tag="650" ind1=" " ind2=" ">
   <subfield code="a">Landslide hazard analysis,Phân tích nguy cơ sạt lở</subfield>
  </datafield>
  <datafield tag="904" ind1=" " ind2=" ">
   <subfield code="i">Hải</subfield>
  </datafield>
  <datafield tag="910" ind1=" " ind2=" ">
   <subfield code="c">tvtrong</subfield>
  </datafield>
  <datafield tag="980" ind1=" " ind2=" ">
   <subfield code="a">Trung tâm Học liệu Trường Đại học Cần Thơ</subfield>
  </datafield>
 </record>
</collection>
